书目信息 |
| 题名: |
工商侧影
|
|
| 作者: | 周伟 主编 ;舒倩 选编 | |
| 分册: | ||
| 出版信息: | 北京 光明日报出版社 2003.06 |
|
| 页数: | 252页 | |
| 开本: | 23cm | |
| 丛书名: | 《时代印记--穿行于中国百年报刊之林》丛书 | |
| 单 册: | ||
| 中图分类: | J524.3-092 | |
| 科图分类: | ||
| 主题词: | 报刊--bao kan--广告--中国--20世纪--史料 , 广告--guang gao--工艺美术史--中国--20世纪--史料 | |
| 电子资源: | ||
| ISBN: | 7-80145-582-7 | |
| 000 | 01198nam 2200277 450 | |
| 001 | 012007134218 | |
| 005 | 20070924154615.37 | |
| 010 | @a7-80145-582-7@dCNY33.00 | |
| 100 | @a20070817d2003 km y0chiy0120 ea | |
| 101 | 0 | @achi |
| 102 | @aCN@b110000 | |
| 105 | @aach z 000yy | |
| 200 | 1 | @a工商侧影@Agong shang ce ying@e一个世纪的广告经典@f周伟主编@Fzhou wei zhu bian@g舒倩等选编@Gshu qian deng xuan bian |
| 210 | @a北京@c光明日报出版社@d2003.06 | |
| 215 | @a252页@c图 (部分彩图), 肖像, 摹真@d23cm | |
| 225 | 0 | @a《时代印记--穿行于中国百年报刊之林》丛书@A《shi dai yin ji--chuan xing yu zhong guo bai nian bao kan zhi lin》cong shu@v5 |
| 330 | @a本书是一本介绍20世纪以来报刊广告的书。编选了诸报编的各类广告图文,以广告业作历史的脚注,从最直观的侧面展现了中国工商业于艰难世事中的曲折成长。 | |
| 410 | 0 | @12001 @a时代印记--穿行于中国百年报刊之林丛书 |
| 517 | 1 | @a一个世纪的广告经典@Ayi ge shi ji de guang gao jing dian |
| 606 | 0 | @a报刊@Abao kan@x广告@y中国@z20世纪@j史料 |
| 606 | 0 | @a广告@Aguang gao@x工艺美术史@y中国@z20世纪@j史料 |
| 690 | @aJ524.3-092@v4 | |
| 701 | 0 | @a周伟@Azhou wei@4主编 |
| 702 | 0 | @a舒倩@Ashu qian@4选编 |
| 801 | 0 | @aCN@c20070924 |
| 905 | @dJ524.3-092@eZ803 | |
| 工商侧影:一个世纪的广告经典/周伟主编/舒倩等选编.-北京:光明日报出版社,2003.06 |
| 252页:图 (部分彩图), 肖像, 摹真;23cm.-(《时代印记--穿行于中国百年报刊之林》丛书;5) |
| ISBN 7-80145-582-7:CNY33.00 |
| 本书是一本介绍20世纪以来报刊广告的书。编选了诸报编的各类广告图文,以广告业作历史的脚注,从最直观的侧面展现了中国工商业于艰难世事中的曲折成长。 |
| ● |
| 相关链接 |
|
|
|
正题名:工商侧影
索取号:J524.3-092/Z803
 
预约/预借
| 序号 | 登录号 | 条形码 | 馆藏地/架位号 | 状态 | 备注 |
| 1 | 257496 | 202574963 | 自科二线404/404自科库 4排3列1层/ [索取号:J524.3-092/Z803] | 在馆 | |
| 2 | 257497 | 202574972 | 社科库309/309社科库 87排4列1层/ [索取号:J524.3-092/Z803] | 在馆 | |
| 3 | 257498 | 202574981 | 社科库309/309社科库 87排4列1层/ [索取号:J524.3-092/Z803] | 在馆 |